Normal view MARC view

Entry Nombre geográfico

Number of records used in: 7

001 - NÚMERO DE CONTROL

  • campo de control: 9198

003 - IDENTIFICADOR DE NÚMERO DE CONTROL

  • campo de control: OSt

005 - FECHA Y HORA DE LA ÚLTIMA TRANSACCIÓN

  • campo de control: 20230222191804.0

008 - ELEMENTOS DE DATO DE LONGITUD-FIJA

  • campo de control de longitud fija: 990119 n acnnnaaan n ann d

040 ## - FUENTE DE CATALOGACIÓN

  • Centro catalogador/agencia de origen: OSt
  • Centro/agencia transcriptor: OSt

151 ## - ENCABEZAMIENTO--NOMBRE GEOGRÁFICO

  • Nombre geográfico: Palestina-
  • Subdivisión general: Historia-
  • Subdivisión cronológica: 1917-1948

451 ## - TRAZADO DE VÉASE--NOMBRE GEOGRÁFICO

  • Nombre geográfico: Palestina-
  • Subdivisión general: Historia-
  • Subdivisión cronológica: 1917-1948 (Protectorado inglés)